Movie Quotes (Ninja's) Quiz Stats

 Plays Quiz not verified by Sporcle

Score 0/20 Timer 07:00
0 Plays Today
Name Of Actor (Who said it) Movie % Correct
Shia LeBeoufTransformers
86.8%
Harrison FordIndiana Jones
81.6%
Anthony HopkinsSilence of the Lambs
81.6%
Arnold SchwarzeneggerThe Terminator
78.9%
Zach GalifianakisThe Hangover
78.9%
Nicolas CageGhostrider
76.3%
Clint EastwoodDirty Harry
76.3%
Alec GuinnesStar Wars
73.7%
Keanu ReevesThe Matrix
71.1%
George ClooneyOcean's Eleven
71.1%
Name Of Actor (Who said it) Movie % Correct
Johnny deppPirates of the Caribbean
68.4%
Liam NeesonThe A Team
63.2%
Sam NeillJurassic Park
57.9%
Tom HanksSaving Private Ryan
52.6%
Sam WorthingtonAvatar
50%
Jesse EisenbergZombieland
50%
Tobin BellSaw
47.4%
Jay BaruchelHow To Train Your Dragon
23.7%
Fred KoehlerDeath Race
15.8%
Eric RobertsThe Expendables
5.3%

You're not logged in!

Compare scores with friends on all Sporcle quizzes.
OR
Log In

Show Comments

Extras

Created Feb 18, 2012SourceReportNominate
Tags:Movie Titles Quiz

Top Quizzes Today


Score Distribution

Your Account Isn't Verified!

In order to create a playlist on Sporcle, you need to verify the email address you used during registration. Go to your Sporcle Settings to finish the process.

Report this User

Report this user for behavior that violates our Community Guidelines.

Details: